000 00288nam a2200121Ia 4500
008 220204s9999 xx 000 0 und d
082 _a547
_bMAR
100 _aMarch, J
245 0 _aAdvanced organic chemistry
250 _aEd.3
260 _aNew Delhi
_bWiley Eastern
_c1985
942 _cBK
999 _c39165
_d39165